[Event "IV Trofeo Giovanni Pico"]
[Site "Mirandola ITA"]
[Date "2011.01.14"]
[Round "1"]
[White "Malfagia, Andrea"]
[Black "Pinna, Ferdinando"]
[Result "1-0"]
[WhiteElo "2286"]
[BlackElo "1889"]
[PlyCount "47"]
[EventDate "2011.01.14"]

1. d4 Nf6 2. c4 g6 3. Nc3 d5 4. cxd5 Nxd5 5. e4 Nxc3 6. bxc3 Bg7 7. Be3 c5 8.
Qd2 Qa5 9. Nf3 cxd4 10. cxd4 Qxd2+ 11. Nxd2 O-O 12. Rc1 Rd8 13. Nb3 e6 14. Bg5
f6 15. Be3 Bf8 16. Bc4 Bb4+ 17. Ke2 Kf7 18. Rhd1 Nc6 19. Bb5 Bd7 20. d5 Ne5 21.
Bxd7 Nxd7 22. Rc7 Rac8 23. dxe6+ Kxe6 24. Rdxd7 1-0

[Event "IV Trofeo Giovanni Pico"]
[Site "Mirandola ITA"]
[Date "2011.01.14"]
[Round "1"]
[White "Porpora, Ivano"]
[Black "Drei, Andrea"]
[Result "0-1"]
[WhiteElo "1884"]
[BlackElo "2266"]
[PlyCount "110"]
[EventDate "2011.01.14"]

1. e4 c5 2. Nf3 a6 3. d4 cxd4 4. Nxd4 Nf6 5. Nc3 e5 6. Nf5 d5 7. Bg5 d4 8. Bxf6
gxf6 9. Bc4 Bxf5 10. exf5 dxc3 11. Bxf7+ Ke7 12. Qxd8+ Kxd8 13. bxc3 Nc6 14.
Rd1+ Kc7 15. O-O Rd8 16. Be6 Bc5 17. Rd5 Rxd5 18. Bxd5 Rd8 19. Be4 Rd2 20. h3
b5 21. g4 h6 22. h4 b4 23. Bxc6 Kxc6 24. cxb4 Bxb4 25. f4 Bc5+ 26. Kh1 e4 27.
g5 e3 28. Re1 hxg5 29. fxg5 fxg5 30. h5 Rf2 31. h6 Rxf5 32. h7 Rf8 33. Kg2 Rh8
34. Rh1 e2 35. Re1 Rxh7 36. Rxe2 Kd5 37. Kf3 Rh4 38. Rd2+ Ke5 39. Re2+ Kf5 40.
Rd2 Rh3+ 41. Kg2 Rc3 42. a4 Kf4 43. a5 g4 44. Kh1 Be3 45. Rd6 Ra3 46. Kg2 Rxa5
47. Rf6+ Kg5 48. Re6 Bf4 49. Re8 Rc5 50. Rg8+ Kf5 51. Rf8+ Ke4 52. Re8+ Be5 53.
Rg8 Rxc2+ 54. Kg1 Kf3 55. Re8 Bf4 0-1

[Event "IV Trofeo Giovanni Pico"]
[Site "Mirandola ITA"]
[Date "2011.01.14"]
[Round "1"]
[White "Chiaretti, Roberto"]
[Black "Rosmini, Edward"]
[Result "1-0"]
[WhiteElo "2205"]
[BlackElo "1873"]
[PlyCount "53"]
[EventDate "2011.01.14"]

1. e4 c6 2. d4 d5 3. e5 Bf5 4. Nf3 e6 5. Be2 Nd7 6. O-O h6 7. b3 Ne7 8. c4 c5
9. Bb2 cxd4 10. Nxd4 Bxb1 11. Rxb1 a6 12. f4 g6 13. Bf3 Qb6 14. Kh1 dxc4 15.
bxc4 Qc7 16. Qa4 Rb8 17. Rfd1 Nc8 18. f5 Ncb6 19. Qa5 gxf5 20. Nxf5 Qc5 21. Qd2
exf5 22. e6 Ne5 23. Bxe5 Qxe5 24. Rxb6 Qc7 25. Qd4 Rh7 26. exf7+ Kxf7 27. Rf6+
1-0

[Event "IV Trofeo Giovanni Pico"]
[Site "Mirandola ITA"]
[Date "2011.01.14"]
[Round "1"]
[White "Vitiello, Luigi"]
[Black "Xia, Jie"]
[Result "0-1"]
[WhiteElo "1850"]
[BlackElo "2198"]
[PlyCount "58"]
[EventDate "2011.01.14"]

1. d4 Nf6 2. Nf3 g6 3. c4 Bg7 4. a3 O-O 5. e3 d6 6. Be2 c6 7. O-O a6 8. a4 a5
9. Nc3 Na6 10. h3 Qc7 11. Bd3 e5 12. c5 exd4 13. cxd6 Qxd6 14. Nxd4 Nb4 15. Bc4
Qe7 16. Qf3 Nd7 17. Qe2 Nb6 18. Bb3 Re8 19. Re1 Bxd4 20. exd4 Qxe2 21. Rxe2 Bf5
22. Rxe8+ Rxe8 23. h4 Re1+ 24. Kh2 Nd3 25. Nd1 Be6 26. Bc2 Nb4 27. Ne3 Rxe3 28.
fxe3 Nxc2 29. Rb1 Ba2 0-1

[Event "IV Trofeo Giovanni Pico"]
[Site "Mirandola ITA"]
[Date "2011.01.14"]
[Round "1"]
[White "Guanciale, Orazio"]
[Black "Baroni, Alessandro"]
[Result "1-0"]
[WhiteElo "2193"]
[BlackElo "1847"]
[PlyCount "51"]
[EventDate "2011.01.14"]

1. e4 e6 2. d4 d5 3. Nc3 dxe4 4. Nxe4 Nd7 5. Nf3 Ngf6 6. Bg5 h6 7. Nxf6+ Nxf6
8. Be3 Nd5 9. Bd3 Nxe3 10. fxe3 c5 11. Ne5 Qa5+ 12. c3 cxd4 13. Qh5 dxc3 14.
Bb5+ Kd8 15. Rd1+ Kc7 16. Nc4 c2+ 17. Nxa5 Bb4+ 18. Kf2 cxd1=Q 19. Rxd1 a6 20.
Qe5+ Kb6 21. Nc4+ Ka7 22. Qd4+ Kb8 23. Nb6 Ba5 24. Nxa8 Kxa8 25. Qxg7 Rd8 26.
Rxd8 1-0

[Event "IV Trofeo Giovanni Pico"]
[Site "Mirandola ITA"]
[Date "2011.01.14"]
[Round "1"]
[White "Dionigi, Riccardo"]
[Black "Cullen, Anthony P."]
[Result "1/2-1/2"]
[WhiteElo "1818"]
[BlackElo "2128"]
[PlyCount "108"]
[EventDate "2011.01.14"]

1. d4 e6 2. c4 f5 3. Nf3 Nf6 4. g3 Be7 5. Bg2 O-O 6. O-O d6 7. b3 Qe8 8. Bb2
Ne4 9. Nbd2 Bf6 10. Qc2 Nxd2 11. Qxd2 c6 12. Rfd1 Nd7 13. Rac1 b6 14. d5 Bxb2
15. Qxb2 exd5 16. cxd5 c5 17. Ng5 Qe5 18. Qxe5 Nxe5 19. Ne6 Rf7 20. e4 fxe4 21.
Bxe4 g6 22. h4 Ba6 23. h5 Be2 24. hxg6 hxg6 25. Re1 Bf3 26. Ng5 Bxe4 27. Rxe4
Rf5 28. f4 Nd3 29. Rd1 Rxd5 30. Re6 Nxf4 31. Rxd5 Nxd5 32. Rxg6+ Kf8 33. Rxd6
Nb4 34. Rd2 Ke7 35. Kf2 Rg8 36. Ne4 Ke6 37. Nc3 Rg4 38. Kf3 Rd4 39. Re2+ Kf7
40. Ne4 Nd3 41. Ng5+ Kf6 42. Ne4+ Kg6 43. Nf2 Nb4 44. g4 Nd5 45. Kg3 b5 46.
Re6+ Kf7 47. Ra6 c4 48. Rxa7+ Ke6 49. bxc4 bxc4 50. Ra4 Ke5 51. Kf3 Rf4+ 52.
Kg3 Rd4 53. Kf3 Rd2 54. Rxc4 Rxa2 1/2-1/2

[Event "IV Trofeo Giovanni Pico"]
[Site "Mirandola ITA"]
[Date "2011.01.14"]
[Round "1"]
[White "Camerini, Lorenzo"]
[Black "Coqueraut, Jean Dominique"]
[Result "1-0"]
[WhiteElo "2111"]
[BlackElo "1815"]
[PlyCount "73"]
[EventDate "2011.01.14"]

1. c4 e5 2. g3 g6 3. Bg2 Bg7 4. Nc3 c6 5. e3 Nf6 6. Nge2 O-O 7. d4 d6 8. O-O
Be6 9. b3 Qc8 10. Ba3 Rd8 11. Qc2 exd4 12. Nxd4 Bh3 13. Rfd1 Bxg2 14. Kxg2 Na6
15. Nde2 Qe6 16. Rac1 Rd7 17. Rd2 Rad8 18. Rcd1 Nc7 19. e4 b6 20. Nd4 Qe8 21.
Nxc6 Ra8 22. Bxd6 Na6 23. e5 Ng4 24. Qe4 f5 25. Qd5+ Kh8 26. h3 Nc7 27. Qf3
Nxe5 28. Nxe5 Rxd6 29. Rxd6 Bxe5 30. R6d3 Qe6 31. Re1 Re8 32. Rde3 Qd6 33. Nb5
Nxb5 34. cxb5 Re7 35. Qc6 Qd4 36. Rxe5 Rxe5 37. Qf6+ 1-0

[Event "IV Trofeo Giovanni Pico"]
[Site "Mirandola ITA"]
[Date "2011.01.14"]
[Round "1"]
[White "Dorati, Giuseppe"]
[Black "Vincenzi, Marco"]
[Result "1/2-1/2"]
[WhiteElo "1811"]
[BlackElo "2091"]
[PlyCount "82"]
[EventDate "2011.01.14"]

1. e4 e5 2. Nf3 Nc6 3. Bb5 a6 4. Ba4 Nf6 5. O-O Be7 6. Re1 b5 7. Bb3 O-O 8. h3
d6 9. c3 Na5 10. Bc2 c5 11. d4 Nd7 12. b4 cxb4 13. cxb4 Nc4 14. Nbd2 Ndb6 15.
Bb3 exd4 16. Bxc4 bxc4 17. Nxd4 Bb7 18. Bb2 Bf6 19. Rc1 Rc8 20. Bc3 a5 21. bxa5
Nd7 22. Nf5 Bxc3 23. Rxc3 Ne5 24. Qc2 g6 25. Nh6+ Kg7 26. Ng4 Qxa5 27. Nxe5
dxe5 28. Rc1 Qa8 29. f3 f5 30. exf5 Rxf5 31. Rxc4 Rxc4 32. Qxc4 Qa7+ 33. Qc5
Qxa2 34. g4 Rf7 35. Qxe5+ Kg8 36. Qc3 Qd5 37. Ne4 Qd8 38. Qc4 Bd5 39. Qd3 Qb6+
40. Kg2 Qb2+ 41. Rc2 Qe5 1/2-1/2

[Event "IV Trofeo Giovanni Pico"]
[Site "Mirandola ITA"]
[Date "2011.01.14"]
[Round "1"]
[White "Campini, Marco"]
[Black "Ferraguti, Francesco"]
[Result "1-0"]
[WhiteElo "2086"]
[BlackElo "1781"]
[PlyCount "41"]
[EventDate "2011.01.14"]

1. e4 g6 2. d4 c6 3. f4 Bg7 4. Nf3 d6 5. Bc4 b5 6. Bb3 Nd7 7. Ng5 e6 8. f5 Nf8
9. O-O h6 10. fxg6 hxg5 11. gxf7+ Kd7 12. fxg8=Q Rxg8 13. Rf7+ Ke8 14. Rf2 Ng6
15. c3 Qe7 16. Qh5 Bf6 17. e5 dxe5 18. dxe5 Bxe5 19. Bxg5 Qg7 20. Bc2 Bd6 21.
Rf6 1-0

[Event "IV Trofeo Giovanni Pico"]
[Site "Mirandola ITA"]
[Date "2011.01.14"]
[Round "1"]
[White "Garofalo, Sergio"]
[Black "La Venia, Stefano"]
[Result "0-1"]
[WhiteElo "1777"]
[BlackElo "2041"]
[PlyCount "57"]
[EventDate "2011.01.14"]

1. d4 Nf6 2. Nf3 b6 3. e3 Bb7 4. Bd3 e6 5. Nbd2 d6 6. Qe2 Be7 7. O-O Nbd7 8. c4
c5 9. b3 O-O 10. Bb2 Re8 11. Rad1 Qc7 12. Ng5 d5 13. f4 h6 14. Ngf3 cxd4 15.
exd4 Qxf4 16. Ne5 Qg5 17. Ndf3 Qh5 18. g4 Qh3 19. Nxd7 Qxg4+ 20. Kf2 Nxd7 21.
Rg1 Qf4 22. Bc1 Qf6 23. Rdf1 dxc4 24. bxc4 Bxf3 25. Rxg7+ Kxg7 26. Rg1+ Kh8 27.
Qe3 Be4+ 28. Ke2 Bxd3+ 29. Qxd3 0-1

[Event "IV Trofeo Giovanni Pico"]
[Site "Mirandola ITA"]
[Date "2011.01.14"]
[Round "1"]
[White "Di Trapani, Davide"]
[Black "Solinas, Roberto"]
[Result "1-0"]
[WhiteElo "1994"]
[BlackElo "1740"]
[PlyCount "107"]
[EventDate "2011.01.14"]

1. e4 c6 2. d4 d5 3. exd5 cxd5 4. Bd3 Nc6 5. c3 Nf6 6. Bf4 Bg4 7. Qb3 Qd7 8.
Nd2 e6 9. Ngf3 Bxf3 10. Nxf3 Bd6 11. Bxd6 Qxd6 12. O-O O-O 13. Rae1 Rab8 14.
Ne5 Nd7 15. f4 Ndxe5 16. fxe5 Qe7 17. Qc2 h6 18. Re3 f6 19. exf6 Rxf6 20. Rxf6
Qxf6 21. Rf3 Qe7 22. Qf2 Qg5 23. h4 Qg4 24. Rg3 Qh5 25. Bg6 Qxh4 26. Bf7+ Kh8
27. Bxe6 Ne7 28. Rf3 Qg5 29. Rf7 Rd8 30. Qf4 Qxf4 31. Rxf4 Rd6 32. Bg4 Kg8 33.
Bd1 g6 34. Kf2 Kg7 35. Ke2 Re6+ 36. Kd3 b5 37. Bg4 Re1 38. Rf2 h5 39. Bf3 Re6
40. Kc2 a5 41. a3 Nf5 42. Kb3 Ne7 43. Re2 Kf6 44. Rxe6+ Kxe6 45. Be2 Nf5 46.
Bxb5 h4 47. Be2 Ne3 48. Ka4 g5 49. Kxa5 Nxg2 50. b4 Kf5 51. b5 g4 52. b6 Ne3
53. b7 h3 54. b8=Q 1-0

[Event "IV Trofeo Giovanni Pico"]
[Site "Mirandola ITA"]
[Date "2011.01.14"]
[Round "1"]
[White "Ombasic, Dzemil"]
[Black "Basso, Pier Luigi"]
[Result "0-1"]
[WhiteElo "1730"]
[BlackElo "1981"]
[PlyCount "98"]
[EventDate "2011.01.14"]

1. e4 c5 2. Nf3 d6 3. d4 cxd4 4. Nxd4 Nf6 5. Nc3 a6 6. Bc4 e6 7. Be3 Be7 8. Qd2
Ng4 9. f3 Nxe3 10. Qxe3 O-O 11. O-O-O e5 12. Nde2 Be6 13. Nd5 Bxd5 14. Bxd5 Nc6
15. Kb1 Qc7 16. h4 Rac8 17. Bb3 b5 18. Nc3 Nd4 19. Nd5 Qb7 20. Nxe7+ Qxe7 21.
g4 Qc7 22. Rh2 a5 23. Rc1 a4 24. Bd5 b4 25. c4 bxc3 26. Rxc3 Qa5 27. f4 Rxc3
28. bxc3 Rb8+ 29. Rb2 Rxb2+ 30. Kxb2 Qb6+ 31. Bb3 axb3 32. cxd4 bxa2+ 33. Kxa2
exf4 34. Qxf4 Qxd4 35. h5 h6 36. g5 Qe5 37. Qxe5 dxe5 38. gxh6 g5 39. hxg6 fxg6
40. Kb3 g5 41. Kc4 g4 42. Kd3 Kh7 43. Ke3 Kxh6 44. Kf2 Kh5 45. Kg2 Kh4 46. Kh2
g3+ 47. Kg2 Kg4 48. Kg1 Kf3 49. Kf1 Kxe4 0-1

[Event "IV Trofeo Giovanni Pico"]
[Site "Mirandola ITA"]
[Date "2011.01.14"]
[Round "1"]
[White "Cocuzzi, Edoardo"]
[Black "Zuccaro, Guido"]
[Result "1-0"]
[WhiteElo "1967"]
[BlackElo "1728"]
[PlyCount "43"]
[EventDate "2011.01.14"]

1. e4 e6 2. d4 d5 3. exd5 exd5 4. Bd3 Bd6 5. h3 Ne7 6. Qf3 c6 7. Ne2 Nd7 8. c3
O-O 9. O-O Qc7 10. Bf4 Bxf4 11. Nxf4 Nf6 12. Re1 Ng6 13. Nh5 Nxh5 14. Qxh5 Be6
15. Nd2 Rae8 16. Nf3 Qf4 17. Ng5 h6 18. Nxe6 Rxe6 19. Rxe6 fxe6 20. Qxg6 Qxf2+
21. Kh1 Rf6 22. Qe8+ 1-0

[Event "IV Trofeo Giovanni Pico"]
[Site "Mirandola ITA"]
[Date "2011.01.14"]
[Round "1"]
[White "Rovatti, Guido"]
[Black "Guaragno, Michele"]
[Result "0-1"]
[WhiteElo "1686"]
[BlackElo "1965"]
[PlyCount "103"]
[EventDate "2011.01.14"]

1. d4 d5 2. c4 c6 3. Nf3 Nf6 4. e3 Bg4 5. Be2 e6 6. O-O Bd6 7. c5 Bc7 8. b4 O-O
9. Bd2 Re8 10. a4 Ne4 11. a5 a6 12. h3 Bxf3 13. Bxf3 Nxd2 14. Nxd2 e5 15. Re1
Nd7 16. g3 Nf6 17. dxe5 Bxe5 18. Ra3 Qd7 19. g4 h6 20. Rd3 Rad8 21. Nc4 Bc7 22.
Nd2 Qe6 23. Bg2 Nh7 24. Nf3 g6 25. Nd4 Qe5 26. Nf3 Qf6 27. Qa1 Qe7 28. Nd4 Be5
29. e4 dxe4 30. Rxe4 Qf6 31. Qe1 Ng5 32. Ree3 Kf8 33. Ne2 Rxd3 34. Rxd3 Rd8 35.
Qd2 Rxd3 36. Qxd3 Ne6 37. Qd7 Nd4 38. Nc3 Qf4 39. Ne4 Qc1+ 40. Bf1 Nf3+ 41. Kg2
Qf4 42. Ng3 Ne1+ 43. Kg1 Qf3 44. Qd8+ Kg7 45. Qh4 Bd4 46. Nh1 Qc3 47. Bg2 Qxb4
48. g5 hxg5 49. Qxg5 Qxc5 50. Qxc5 Bxc5 51. Kf1 Nxg2 52. Kxg2 0-1

[Event "IV Trofeo Giovanni Pico"]
[Site "Mirandola ITA"]
[Date "2011.01.14"]
[Round "1"]
[White "Ricci, Alfredo"]
[Black "Jordan, Chris"]
[Result "0-1"]
[WhiteElo "1964"]
[BlackElo "1679"]
[PlyCount "68"]
[EventDate "2011.01.14"]

1. d4 d6 2. c4 Nf6 3. Nc3 g6 4. Nf3 Bg7 5. g3 O-O 6. Bg2 Nc6 7. O-O e5 8. Bg5
h6 9. dxe5 hxg5 10. exf6 Bxf6 11. e3 Be6 12. Nd5 Bg7 13. Qd2 g4 14. Nd4 Nxd4
15. exd4 c6 16. Ne3 Qb6 17. Rfd1 Rad8 18. Rab1 Bh6 19. b4 Bf5 20. Rb3 Rfe8 21.
Re1 Re7 22. d5 c5 23. b5 Rde8 24. Qd1 Qa5 25. Rb2 Bxe3 26. fxe3 Rxe3 27. Rbe2
Qc3 28. Rxe3 Rxe3 29. Rxe3 Qxe3+ 30. Kh1 Bd3 31. a4 Bxc4 32. h4 gxh3 33. Bxh3
Qxg3 34. Bg2 Bb3 0-1

[Event "IV Trofeo Giovanni Pico"]
[Site "Mirandola ITA"]
[Date "2011.01.14"]
[Round "1"]
[White "Santamato, Luigi"]
[Black "Scali, Fausto"]
[Result "0-1"]
[WhiteElo "1651"]
[BlackElo "1963"]
[PlyCount "80"]
[EventDate "2011.01.14"]

1. e4 c5 2. Nf3 e6 3. d4 cxd4 4. Nxd4 a6 5. Nc3 Qc7 6. g3 Nc6 7. Bg2 Nge7 8.
O-O Nxd4 9. Qxd4 Nc6 10. Qd1 Bc5 11. Qg4 O-O 12. Bf4 d6 13. Qh5 Ne5 14. Qe2 b5
15. Nd1 Bb7 16. b3 Rac8 17. Ne3 Bxe3 18. Bxe3 Qxc2 19. Qxc2 Rxc2 20. h3 d5 21.
exd5 Bxd5 22. Bxd5 exd5 23. f4 Re2 24. Bc5 Rc8 25. b4 Nd3 26. a3 Nxc5 27. Rac1
Re3 28. Rfd1 Rxg3+ 29. Kh2 Rxa3 30. Rxd5 Ra2+ 31. Kh1 g6 32. bxc5 Rc6 33. Re1
Rc2 34. Ree5 b4 35. Rd8+ Kg7 36. Rb8 Rc4 37. Rb6 R4xc5 38. Rxb4 Rxe5 39. fxe5
Rc5 40. Ra4 a5 0-1

[Event "IV Trofeo Giovanni Pico"]
[Site "Mirandola ITA"]
[Date "2011.01.14"]
[Round "1"]
[White "Malago', Federico"]
[Black "Pomante, Sergio"]
[Result "0-1"]
[WhiteElo "1960"]
[BlackElo "1644"]
[PlyCount "106"]
[EventDate "2011.01.14"]

1. e4 c5 2. Nf3 Nc6 3. d4 cxd4 4. Nxd4 Nf6 5. Nc3 g6 6. Nxc6 bxc6 7. e5 Nh5 8.
Be2 Qa5 9. Bxh5 gxh5 10. Qxh5 Bg7 11. f4 d6 12. Bd2 dxe5 13. Ne4 Qd5 14. Nc3
Qxg2 15. O-O-O Bg4 16. Qg5 Bf6 17. Rhg1 Qxg1 18. Rxg1 Bxg5 19. Rxg4 Bxf4 20.
Bxf4 exf4 21. Rxf4 Rg8 22. b3 Rg6 23. Rh4 h6 24. Na4 Rd8 25. Nc5 Rd5 26. Nd3
Rf6 27. Rb4 Rb5 28. Rg4 Rg6 29. Ra4 a5 30. Rd4 h5 31. c4 Rf5 32. a3 Rg2 33. Nb2
Rf1+ 34. Nd1 Ra2 35. a4 Rxh2 36. Kb1 h4 37. b4 axb4 38. a5 Rf5 39. c5 Rxc5 40.
a6 Ra5 41. Rxb4 Rxa6 42. Ne3 Ra5 43. Rb8+ Kd7 44. Rb7+ Ke6 45. Rc7 Rb5+ 46. Kc1
Kd6 47. Ra7 Rc5+ 48. Kd1 h3 49. Ra4 Rh1+ 50. Ke2 h2 51. Rh4 Ra5 52. Nc4+ Kc7
53. Nxa5 Ra1 0-1

[Event "IV Trofeo Giovanni Pico"]
[Site "Mirandola ITA"]
[Date "2011.01.14"]
[Round "1"]
[White "Bartiromo, Gerardo"]
[Black "Setti, Roberto"]
[Result "0-1"]
[WhiteElo "1634"]
[BlackElo "1939"]
[PlyCount "94"]
[EventDate "2011.01.14"]

1. e4 Nc6 2. d4 d5 3. e5 Bf5 4. c3 e6 5. Bd3 Bg6 6. Nf3 f6 7. Bf4 Qd7 8. Bb5 a6
9. Ba4 Nge7 10. Nbd2 Nc8 11. Qe2 Nb6 12. Bxc6 Qxc6 13. O-O O-O-O 14. a4 Nxa4
15. Nb3 Qb5 16. Qxb5 axb5 17. Bc1 Kd7 18. Re1 Be7 19. exf6 gxf6 20. Re2 Rhg8
21. Nh4 Bd3 22. Rd2 Be4 23. f3 f5 24. fxe4 fxe4 25. Re2 Rdf8 26. Be3 Bxh4 27.
Nc5+ Nxc5 28. dxc5 Kc6 29. b4 Bf6 30. Bd4 Bxd4+ 31. cxd4 Rf5 32. h3 h5 33. Ra3
Rgf8 34. h4 e5 35. dxe5 Rxe5 36. Rg3 Rfe8 37. Rg6+ R8e6 38. Rg7 d4 39. Kf1 Re7
40. Rg6+ Kd5 41. Ke1 c6 42. Rc2 Rd7 43. g4 d3 44. Rc3 Kd4 45. Rc1 e3 46. Rb1
hxg4 47. Rxg4+ Re4 0-1

[Event "IV Trofeo Giovanni Pico"]
[Site "Mirandola ITA"]
[Date "2011.01.14"]
[Round "1"]
[White "Gurschler, Gregor"]
[Black "Bertolazzi, Andrea"]
[Result "1-0"]
[WhiteElo "1930"]
[BlackElo "1604"]
[PlyCount "47"]
[EventDate "2011.01.14"]

1. e4 d5 2. exd5 Qxd5 3. Nf3 Bg4 4. Be2 Nf6 5. O-O Nbd7 6. Nc3 Qa5 7. d4 c6 8.
Ne5 Nxe5 9. dxe5 Bxe2 10. Qxe2 Nd5 11. Nxd5 Qxd5 12. Rd1 Qa5 13. e6 fxe6 14.
Qxe6 Rd8 15. Be3 Qc7 16. Rxd8+ Qxd8 17. Bxa7 Qd7 18. Qe2 g6 19. Rd1 Qf5 20. Bd4
Rg8 21. Bb6 Kf7 22. Rd3 Qb5 23. Rf3+ Ke8 24. Qe6 1-0

[Event "IV Trofeo Giovanni Pico"]
[Site "Mirandola ITA"]
[Date "2011.01.14"]
[Round "1"]
[White "Gabbriellini, Gianfranco"]
[Black "Franco, Alessandro P."]
[Result "1-0"]
[WhiteElo "1527"]
[BlackElo "1925"]
[PlyCount "107"]
[EventDate "2011.01.14"]

1. d4 e6 2. Nf3 c5 3. e3 d5 4. Be2 Nc6 5. O-O b6 6. c3 Nf6 7. Nbd2 Bd6 8. Bb5
Bb7 9. Qa4 Qc7 10. Ne5 Bxe5 11. dxe5 Nd7 12. Qg4 Ndxe5 13. Qxg7 O-O-O 14. f4
Rdg8 15. Qf6 Ng4 16. Qh4 Nxe3 17. Rf2 Ne7 18. Qf6 N7f5 19. Qe5 d4 20. Qxc7+
Kxc7 21. Bf1 Nxg2 22. Bxg2 Ne3 23. Nf3 Nxg2 24. Kf1 Ne3+ 25. Ke2 Bxf3+ 26. Kxf3
Rg1 27. cxd4 cxd4 28. Ke4 Rd8 29. b3 Nd1 30. Rc2+ Nc3+ 31. Ke5 Rd5+ 32. Kf6
Rg6+ 33. Kxf7 Rd7+ 34. Kf8 Rg1 35. Rb1 Kd6 36. Ba3+ Kd5 37. Rxg1 Ke4 38. Bb2
Rc7 39. Rg7 d3 40. Rxc3 d2 41. Rg1 Rxc3 42. Bxc3 Kd3 43. Bxd2 Kxd2 44. Kf7 Ke3
45. Rg3+ Kxf4 46. Kxe6 h5 47. Rg7 a5 48. a4 h4 49. Rb7 Kg4 50. Rxb6 Kh3 51. Rb5
Kxh2 52. Rxa5 h3 53. Rh5 Kg2 54. Rxh3 1-0

[Event "IV Trofeo Giovanni Pico"]
[Site "Mirandola ITA"]
[Date "2011.01.14"]
[Round "1"]
[White "Caldonazzo, Matteo"]
[Black "Molinari, Enzo"]
[Result "0-1"]
[WhiteElo "1914"]
[BlackElo "1491"]
[PlyCount "70"]
[EventDate "2011.01.14"]

1. Nf3 d5 2. d4 Nf6 3. e3 e6 4. Bd3 Bd6 5. b3 Bd7 6. O-O O-O 7. Nbd2 a6 8. Bb2
b5 9. Ne5 Nc6 10. a3 Be7 11. f4 Ne8 12. Rf3 f5 13. g4 Nxe5 14. fxe5 c5 15. gxf5
exf5 16. Rh3 g6 17. c4 bxc4 18. bxc4 Be6 19. cxd5 Bxd5 20. e4 fxe4 21. Nxe4 Qc8
22. Rg3 Ng7 23. Nf6+ Bxf6 24. exf6 Rxf6 25. Rc1 c4 26. Qa4 Rb8 27. Ba1 Qe6 28.
Bxc4 Bxc4 29. d5 Qb6+ 30. Kg2 Bxd5+ 31. Kh3 Be6+ 32. Kh4 Nf5+ 33. Kg5 Nxg3 34.
Bxf6 Qe3+ 35. Kh4 Nf5+ 0-1

[Event "IV Trofeo Giovanni Pico"]
[Site "Mirandola ITA"]
[Date "2011.01.14"]
[Round "1"]
[White "Pavesi, Paolo"]
[Black "Guglielmi, Dante"]
[Result "1-0"]
[WhiteElo "1440"]
[BlackElo "1911"]
[PlyCount "79"]
[EventDate "2011.01.14"]

1. e4 c5 2. Nc3 Nc6 3. Nf3 d6 4. d3 g6 5. Be3 Bg7 6. Qd2 Nf6 7. h3 O-O 8. Bh6
Re8 9. Bxg7 Kxg7 10. g4 Be6 11. g5 Nd7 12. h4 Nde5 13. Nxe5 Nxe5 14. Be2 a6 15.
Nd5 Bxd5 16. exd5 Qb6 17. O-O-O Qb4 18. c3 Qa5 19. Kb1 b5 20. f4 Nd7 21. f5
Rab8 22. h5 b4 23. c4 Ne5 24. f6+ exf6 25. gxf6+ Kxf6 26. Qf4+ Ke7 27. hxg6
hxg6 28. Rde1 Kd7 29. Bg4+ Kc7 30. Rxe5 Rxe5 31. Qxf7+ Kb6 32. Qd7 Rbe8 33.
Qxd6+ Kb7 34. Rh7+ R5e7 35. Rxe7+ Rxe7 36. Qxe7+ Kb8 37. d6 b3 38. axb3 Qd2 39.
Qc7+ Ka8 40. Bf3# 1-0

[Event "IV Trofeo Giovanni Pico"]
[Site "Mirandola ITA"]
[Date "2011.01.14"]
[Round "1"]
[White "Sasdelli, Massimo"]
[Black "Necesito, Donald"]
[Result "1-0"]
[WhiteElo "1897"]
[BlackElo "1437"]
[PlyCount "79"]
[EventDate "2011.01.14"]

1. d4 Nf6 2. c4 g6 3. Nc3 Bg7 4. e4 d6 5. Be3 O-O 6. Be2 a6 7. Nf3 Nbd7 8. Nd2
e5 9. d5 h6 10. Rb1 Nh7 11. O-O f5 12. f3 f4 13. Bf2 Ndf6 14. b4 Nh5 15. Qe1 g5
16. c5 N7f6 17. Qd1 Rf7 18. cxd6 cxd6 19. Na4 b5 20. Nb6 Rb8 21. Nxc8 Rxc8 22.
Nb3 Nd7 23. Na5 Nb8 24. Kh1 Nf6 25. Qd3 Rfc7 26. Bb6 Qe7 27. Bxc7 Rxc7 28. Rfc1
h5 29. Rxc7 Qxc7 30. Qd2 g4 31. Rc1 Qb6 32. Bd1 h4 33. Nc6 Nh5 34. Ne7+ Kh7 35.
Qe1 g3 36. h3 Nd7 37. Qg1 Qf2 38. Bb3 Ndf6 39. Rc2 Qe3 40. Nf5 1-0

[Event "IV Trofeo Giovanni Pico"]
[Site "Mirandola ITA"]
[Date "2011.01.14"]
[Round "1"]
[White "Minelli, Giancarlo"]
[Black "Raisi, Michele"]
[Result "1-0"]
[WhiteElo "1401"]
[BlackElo "1525"]
[PlyCount "84"]
[EventDate "2011.01.14"]

1. e4 e5 2. Nf3 Nc6 3. Bc4 Nf6 4. d3 Bc5 5. O-O d5 6. exd5 Nxd5 7. Re1 f6 8. c3
O-O 9. Nbd2 Kh8 10. Ne4 Bb6 11. a4 f5 12. Bg5 Qd7 13. Bxd5 Qxd5 14. c4 Qd7 15.
Ng3 f4 16. Nh5 h6 17. Bh4 g5 18. Bxg5 hxg5 19. Nxe5 Nxe5 20. Rxe5 Bxf2+ 21. Kh1
Qc6 22. Nxf4 Qh6 23. Qe2 Bg3 24. h3 Bxf4 25. Re7 Bxh3 26. gxh3 Qxh3+ 27. Kg1
Qg3+ 28. Qg2 Be3+ 29. Kh1 Qh4+ 30. Qh2 Qxh2+ 31. Kxh2 Rf2+ 32. Kg3 Raf8 33.
Rh1+ Kg8 34. Rxe3 R2f6 35. Kg4 Rg6 36. Re4 Kg7 37. b4 Rd8 38. d4 Rd7 39. Ree1
Kf7 40. d5 a6 41. Re6 Rd6 42. Rf1+ Rf6 1-0

[Event "IV Trofeo Giovanni Pico"]
[Site "Mirandola ITA"]
[Date "2011.01.14"]
[Round "1"]
[White "Modena, Giorgio"]
[Black "Ballista, Massimiliano"]
[Result "1/2-1/2"]
[WhiteElo "1938"]
[BlackElo "1611"]
[PlyCount "54"]
[EventDate "2011.01.14"]

1. e4 e5 2. Nf3 Nc6 3. Bb5 a6 4. Ba4 b5 5. Bb3 Bc5 6. c3 Nf6 7. d3 O-O 8. O-O
d6 9. h3 Ne7 10. a4 Bd7 11. Bg5 Ng6 12. d4 Bb6 13. dxe5 dxe5 14. Bxf6 gxf6 15.
Nbd2 Be6 16. Bxe6 fxe6 17. Qb3 Qd7 18. Rfd1 bxa4 19. Rxa4 Nf4 20. Nf1 Qg7 21.
g3 Nxh3+ 22. Kh2 Nxf2 23. Qxe6+ Kh8 24. Rd7 Qg4 25. Qxg4 Nxg4+ 26. Kg2 Kg8 27.
Nh4 Nh6 1/2-1/2

[Event "IV Trofeo Giovanni Pico"]
[Site "Mirandola ITA"]
[Date "2011.01.15"]
[Round "2"]
[White "Guaragno, Michele"]
[Black "Malfagia, Andrea"]
[Result "0-1"]
[WhiteElo "1965"]
[BlackElo "2286"]
[PlyCount "76"]
[EventDate "2011.01.14"]

1. e4 c6 2. d4 d5 3. e5 Bf5 4. Bd3 Bxd3 5. Qxd3 e6 6. Ne2 Qb6 7. O-O Nd7 8. a4
a6 9. a5 Qc7 10. Nd2 Ne7 11. b4 Ng6 12. f4 Bxb4 13. c4 O-O 14. Nf3 dxc4 15.
Qxc4 c5 16. d5 b5 17. axb6 Nxb6 18. Qd3 c4 19. Qb1 Nxd5 20. Ng5 Be7 21. Ne4
Rfb8 22. Qc2 Nb4 23. Qc3 Nd3 24. Be3 Qc6 25. Nd2 Nh4 26. Nf3 Rb3 27. Qc2 Rb2
28. Qd1 Qe4 29. Bd2 Bc5+ 30. Kh1 Nf2+ 31. Rxf2 Bxf2 32. Nc3 Qd3 33. Na4 Rc2 34.
Nxh4 Rxd2 35. Qg4 Bxh4 36. Nb6 Qd4 37. Rb1 Rb8 38. Qf3 Rxb6 0-1

[Event "IV Trofeo Giovanni Pico"]
[Site "Mirandola ITA"]
[Date "2011.01.15"]
[Round "2"]
[White "Scali, Fausto"]
[Black "Chiaretti, Roberto"]
[Result "1/2-1/2"]
[WhiteElo "1963"]
[BlackElo "2205"]
[PlyCount "109"]
[EventDate "2011.01.14"]

1. e4 d6 2. d4 Nf6 3. Nc3 e5 4. Nf3 Nbd7 5. g3 g6 6. Bg2 Bg7 7. O-O O-O 8. Re1
c6 9. b3 Re8 10. Bb2 Qc7 11. a4 Nf8 12. Qd2 Bg4 13. d5 cxd5 14. Nxd5 Nxd5 15.
exd5 Nd7 16. Re4 Nf6 17. Rc4 Qd7 18. a5 e4 19. Nh4 h6 20. Bh1 g5 21. Ng2 Bf3
22. Ne3 Bxh1 23. Kxh1 Re7 24. Raa4 Rae8 25. Qb4 Ng4 26. Bxg7 Kxg7 27. Nxg4 Qxg4
28. Qc3+ Kg6 29. Ra1 Qf5 30. Qe3 Qxd5 31. Rd4 Qc5 32. Rad1 Qxc2 33. Rxd6+ Re6
34. R1d2 Qc7 35. Qxe4+ Kg7 36. Qd4+ Kg8 37. Rxe6 Rxe6 38. Qd8+ Qxd8 39. Rxd8+
Kg7 40. Rd7 Ra6 41. b4 Kf6 42. Rxb7 g4 43. Kg2 h5 44. Rb5 Kg6 45. Rc5 Rd6 46.
h4 Rd2 47. b5 Ra2 48. Rc6+ f6 49. Ra6 Rb2 50. b6 axb6 51. Rxb6 Ra2 52. a6 Ra1
53. f3 Ra2+ 54. Kf1 gxf3 55. Rb3 1/2-1/2